Adozioni internazionali e valorizzazione delle reti istituzionali, professionali e naturali (Record n. 358183)

Dettagli MARC
000 -LEADER
campo di controllo lung. fissa 00671nam a22002417a 4500
003 - Identificatore del numero di controllo
campo di controllo IT-MiCISF
005 - Data e orario dell'ultima transazione
campo di controllo 20190329152215.0
008 - Elementi di lunghezza fissa--Informazione generale
campo di controllo lung. fissa 190329b ||||| |||| 00| 0 eng d
040 ## - Fonte della catalogazione
Agenzia catalografica originale IT-MiCISF
Agenzia che fa la trascrizione IT-MiCISF
041 ## - Codice di lingua
Codice di lingua del testo/traccia sonora o titolo separato it
100 ## - Accesso principale -- nome di persona
Nome di persona Macario Giorgio
9 (RLIN) 57711
210 ## - Titolo abbreviato
Titolo abbreviato Minori giustizia
222 ## - Titolo chiave
Titolo chiave 11212845
245 ## - Formulazione del titolo
Titolo Adozioni internazionali e valorizzazione delle reti istituzionali, professionali e naturali
260 ## - Pubblicazione, distribuzione, ecc. (stampa)
Data di pubblicazione, distribuzione, ecc. 2016
300 ## - Descrizione fisica
Estensione pp. 204-213
310 ## - Periodicità corrente della pubblicazione
Periodicità corrente della pubblicazione trimestrale
362 ## - Date della pubblicazione e/o designazione sequenziale
Date della pubblicazione e/o designazione sequenziale n. 4
500 ## - Nota generale
Nota generale adozione-internazionale, operatori, formazione
650 ## - Accesso aggiunto di soggetto--termine topico
Termine topico o nome geografico come accesso adozione-affido
9 (RLIN) 56263
654 ## - Accesso aggiunto di soggetto--termini topici faccettati
Termine principale articolo
942 ## - Dati aggiuntivi (Koha)
Fonte della classificazione o dello schema di collocazione (segnatura) Dewey Decimal Classification
Tipo copia default (Koha) RIVISTA
Dati di copia
Ritirato (status) Perso (status) Fonte della classificazione o dello schema di collocazione (segnatura) Danneggiato (status) Non per il presito Biblioteca proprietaria Biblioteca in cui si trova Data d'acquisizione Totale prestiti Collocazione Data ultima operazione Prezzo in vigore dal Tipo copia default (Koha)
    Dewey Decimal Classification Buone Condizioni Not For Loan CISF - Milano CISF - Milano 29/03/2019   A05/R055 29/03/2019 29/03/2019 RIVISTA
CREDITS: SOCIETA' SAN PAOLO Via A.Severo, 58 - ROMA (RM) & PERIODICI SAN PAOLO SRL Via Giotto, 36 MILANO & CISF Via Giotto, 36 MILANO & EDIZIONI SAN PAOLO SRL,  Piazza Soncino, 5 CINISELLO BALSAMO (MI) -- ITALY